000 00362nam a2200133Ia 4500
008 100328s9999 xx 000 0 und d
082 _b50127
100 _aराजगुरु अनिता
245 _aडंबेल्स
260 _bस्पोर्टस
630 _aडंबेल्स
730 _aडंबेल्स
942 _cBOOK
999 _c537328
_d537325